书目信息 |
| 题名: |
中国国际关系研究
|
|
| 作者: | 王逸舟 主编 | |
| 分册: | ||
| 出版信息: | 北京 北京大学出版社 2006 |
|
| 页数: | 554页 | |
| 开本: | 23cm | |
| 丛书名: | 世界政治研究丛书 | |
| 单 册: | ||
| 中图分类: | D80 | |
| 科图分类: | ||
| 主题词: | 国际关系理论--研究--中国--1995-2005 , 国际关系理论 | |
| 电子资源: | ||
| ISBN: | 7-301-10969-5 | |
| 000 | 00915oam2 2200277 450 | |
| 001 | 012007638017 | |
| 005 | 20070523085320.35 | |
| 010 | @a7-301-10969-5@dCNY68.00 | |
| 100 | @a20070516d2006 km y0chiy0120 ea | |
| 101 | 0 | @achi |
| 102 | @aCN@b110000 | |
| 105 | @ay z 000yy | |
| 106 | @ar | |
| 200 | 1 | @a中国国际关系研究@Azhong guo guo ji guan xi yan jiu@e1995-2005@f王逸舟主编@Fwang yi zhou zhu bian |
| 210 | @a北京@c北京大学出版社@d2006 | |
| 215 | @a554页@d23cm | |
| 225 | 2 | @a世界政治研究丛书 |
| 330 | @a这是一本全面介绍冷战结束以来中国国际关系学成长历程和研究现状的著作。中国著名国际关系学者王逸舟教授的长篇绪论。 | |
| 461 | 0 | @12001 @a世界政治研究丛书 |
| 510 | 1 | @aIR studies in china@e1995-2005@zeng |
| 606 | 0 | @a国际关系理论@x研究@y中国@z1995-2005 |
| 606 | 0 | @a国际关系理论 |
| 690 | @aD80@v4 | |
| 701 | 0 | @a王逸舟@Awang yi zhou@4主编 |
| 801 | 0 | @aCN@bRULIN@c20070523 |
| 905 | @dD80@e20@s5 | |
| 中国国际关系研究:1995-2005/王逸舟主编.-北京:北京大学出版社,2006 |
| 554页;23cm.-(世界政治研究丛书) |
| ISBN 7-301-10969-5:CNY68.00 |
| 这是一本全面介绍冷战结束以来中国国际关系学成长历程和研究现状的著作。中国著名国际关系学者王逸舟教授的长篇绪论。 |
| ● |
| 相关链接 |
|
|
|
|
正题名:中国国际关系研究
索取号:D80/20
 
预约/预借
| 序号 | 登录号 | 条形码 | 馆藏地/架位号 | 状态 | 备注 |
| 1 | 0575929 | 205759295 | 第一样本阅览室/ [索取号:D80/20] | 在馆 | |
| 2 | 0575930 | 205759302 | 第一借阅区/ [索取号:D80/20] | 在馆 | |
| 3 | 0575931 | 205759311 | 第一借阅区/ [索取号:D80/20] | 在馆 | |
| 4 | 0575932 | 205759320 | 第一借阅区/ [索取号:D80/20] | 在馆 | |
| 5 | 0575933 | 205759339 | 第一借阅区/ [索取号:D80/20] | 在馆 |